[Event "Helsingor Xtracon op"]
[Site "Helsingor"]
[Date "2017.07.27"]
[Round "7"]
[White "Christiansen, Arne"]
[Black "Ski, Jonathan K"]
[Result "1/2-1/2"]
[WhiteElo "2040"]
[BlackElo "1771"]
[PlyCount "35"]
[EventDate "2017.07.22"]
[EventType "swiss"]
[EventRounds "10"]
[EventCountry "DEN"]
[SourceTitle "CBM 179 Extra"]
[Source "ChessBase"]
[SourceDate "2017.08.23"]
[SourceVersion "1"]
[SourceVersionDate "2017.08.23"]
[SourceQuality "1"]

1. Nf3 d5 2. d4 Nf6 3. c4 e6 4. Nc3 c6 5. e3 Nbd7 6. Bd3 dxc4 7. Bxc4 b5 8. Bd3 a6 9. 0-0 c5 10. Qe2 cxd4 11. Nxd4 Bb7 12. a3 Bd6 13. Rd1 0-0 14. e4 Qc7 15. h3 Nc5 16. Bc2 Be5 17. Qe3 Rfd8 18. b4 1/2-1/2

[Event "Helsingor Xtracon op"]
[Site "Helsingor"]
[Date "2017.07.25"]
[Round "5"]
[White "Damm, Henrik"]
[Black "Ski, Jonathan K"]
[Result "0-1"]
[WhiteElo "1506"]
[BlackElo "1771"]
[PlyCount "70"]
[EventDate "2017.07.22"]
[EventType "swiss"]
[EventRounds "10"]
[EventCountry "DEN"]
[SourceTitle "CBM 179 Extra"]
[Source "ChessBase"]
[SourceDate "2017.08.23"]
[SourceVersion "1"]
[SourceVersionDate "2017.08.23"]
[SourceQuality "1"]

1. c4 e5 2. Nc3 Bb4 3. g3 Nf6 4. Bg2 0-0 5. d3 Nc6 6. Bd2 d6 7. Nf3 Re8 8. 0-0 h6 9. a3 Bxc3 10. Bxc3 e4 11. Ne1 e3 12. fxe3 Ng4 13. Nc2 Nxe3 14. Nxe3 Rxe3 15. Rf2 Bg4 16. Qf1 Qe7 17. Bf3 Bxf3 18. exf3 Re8 19. Rc2 Ne5 20. Bxe5 Qxe5 21. f4 Qd4 22. Rf2 Rxd3 23. Rc1 Rd2 24. Kg2 Qxb2 25. Re1 Rxe1 26. Qxe1 Rxf2+ 27. Qxf2 Qxf2+ 28. Kxf2 f5 29. Ke3 Kf7 30. Kd3 Ke6 31. Kd4 c5+ 32. Kc3 d5 33. a4 dxc4 34. Kxc4 Kd6 35. a5 Kc6 0-1

[Event "Oslo op"]
[Site "Fornebu"]
[Date "2016.09.30"]
[Round "1"]
[White "Ski, Jonathan K"]
[Black "Ronneland, Daniel"]
[Result "0-1"]
[WhiteElo "1609"]
[BlackElo "2192"]
[PlyCount "76"]
[EventDate "2016.09.30"]
[EventType "swiss"]
[EventRounds "9"]
[EventCountry "NOR"]
[SourceTitle "EXT 2018"]
[Source "ChessBase"]
[SourceDate "2017.10.13"]
[SourceVersion "1"]
[SourceVersionDate "2017.10.13"]
[SourceQuality "1"]

1. e4 e5 2. Nf3 Nc6 3. Bb5 a6 4. Ba4 Nf6 5. 0-0 Be7 6. Re1 b5 7. Bb3 d6 8. c3 0-0 9. h3 Nb8 10. d4 Nbd7 11. d5 Bb7 12. Nbd2 c5 13. Nf1 c4 14. Bc2 Qc7 15. Ng3 g6 16. a4 bxa4 17. Bxa4 Nc5 18. Bc2 a5 19. Ra3 Ba6 20. Nh2 Rfb8 21. f3 Rb7 22. Nhf1 Ne8 23. Kh2 Ng7 24. Ne3 Bg5 25. Ngf1 h5 26. Re2 Rab8 27. Kh1 Nd7 28. Bb1 h4 29. Qa4 Nc5 30. Qd1 Nh5 31. Ba2 Nd3 32. b4 cxb3 33. Rxb3 Rxb3 34. Bxb3 Nxc1 35. Qxc1 Bxe2 36. Qa3 Qb6 37. Nc4 Qf2 38. Qc1 Bxc1 0-1

[Event "Politiken Cup 37th"]
[Site "Helsingor"]
[Date "2015.08.01"]
[Round "9"]
[White "Howell, Alun"]
[Black "Ski, Jonathan K"]
[Result "1/2-1/2"]
[WhiteElo "1732"]
[BlackElo "1549"]
[PlyCount "41"]
[EventDate "2015.07.25"]
[EventType "swiss"]
[EventRounds "10"]
[EventCountry "DEN"]
[SourceTitle "CBM 167 Extra"]
[Source "ChessBase"]
[SourceDate "2015.09.14"]
[SourceVersion "1"]
[SourceVersionDate "2015.09.14"]
[SourceQuality "1"]

1. d4 d5 2. c4 c6 3. Nc3 Nf6 4. Nf3 Bf5 5. e3 e6 6. Bd3 Bxd3 7. Qxd3 Be7 8. 0-0 0-0 9. b3 Nbd7 10. Bb2 Rc8 11. Rac1 Re8 12. Rfd1 Bf8 13. h3 h6 14. Ne5 Nxe5 15. dxe5 Nd7 16. Ne2 Nc5 17. Qd4 Ne4 18. cxd5 Qxd5 19. Qa4 Qb5 20. Qxe4 Qxe2 21. Qc2 1/2-1/2

[Event "Politiken Cup 37th"]
[Site "Helsingor"]
[Date "2015.07.28"]
[Round "5"]
[White "Rendlev, Niels Moller"]
[Black "Ski, Jonathan K"]
[Result "1/2-1/2"]
[WhiteElo "1785"]
[BlackElo "1549"]
[PlyCount "84"]
[EventDate "2015.07.25"]
[EventType "swiss"]
[EventRounds "10"]
[EventCountry "DEN"]
[SourceTitle "CBM 167 Extra"]
[Source "ChessBase"]
[SourceDate "2015.09.14"]
[SourceVersion "1"]
[SourceVersionDate "2015.09.14"]
[SourceQuality "1"]

1. g3 d5 2. f4 Nf6 3. Bg2 c5 4. Nf3 Nc6 5. d3 g6 6. 0-0 Bg7 7. Nc3 d4 8. Na4 Qd6 9. c4 0-0 10. e4 dxe3 11. Bxe3 b6 12. Nc3 Ng4 13. Bc1 Nd4 14. Ne4 Nxf3+ 15. Qxf3 Qd4+ 16. Kh1 Rb8 17. h3 Nf6 18. Rb1 Nxe4 19. Qxe4 Qxe4 20. dxe4 Rd8 21. b3 Rb7 22. e5 Rbd7 23. Re1 e6 24. Bb2 Rd2 25. Kg1 Rc2 26. Be4 Rcd2 27. Kf1 Kf8 28. Re2 R2d7 29. Ke1 Ke7 30. Bc3 a5 31. Rbb2 Ba6 32. Rbd2 Rxd2 33. Rxd2 Rxd2 34. Kxd2 Kd7 35. a4 Bh6 36. h4 Bc8 37. Ke3 Ba6 38. g4 Bc8 39. Kf3 Ke7 40. h5 Bg7 41. g5 Ba6 42. Kg4 Bc8 1/2-1/2

[Event "Politiken Cup 37th"]
[Site "Helsingor"]
[Date "2015.07.26"]
[Round "3"]
[White "Schadd, Jan"]
[Black "Ski, Jonathan K"]
[Result "1-0"]
[WhiteElo "1852"]
[BlackElo "1549"]
[PlyCount "61"]
[EventDate "2015.07.25"]
[EventType "swiss"]
[EventRounds "10"]
[EventCountry "DEN"]
[SourceTitle "CBM 167 Extra"]
[Source "ChessBase"]
[SourceDate "2015.09.14"]
[SourceVersion "1"]
[SourceVersionDate "2015.09.14"]
[SourceQuality "1"]

1. Nf3 Nf6 2. c4 c5 3. g3 g6 4. Bg2 Bg7 5. Nc3 Nc6 6. 0-0 0-0 7. d3 d6 8. Bg5 Bg4 9. h3 Bd7 10. Qd2 Qc8 11. Kh2 a6 12. Nd5 Qd8 13. Nxf6+ exf6 14. Bh6 Rb8 15. Bxg7 Kxg7 16. Qc3 Ne5 17. d4 Nxf3+ 18. Bxf3 Kg8 19. Rad1 Qc8 20. dxc5 dxc5 21. Qxf6 Bxh3 22. Rh1 Bg4 23. Qh4 Bxf3 24. exf3 Kg7 25. Kg2 Rh8 26. Qh6+ Kg8 27. Rd5 b6 28. Rhd1 Qf8 29. Qf4 Qe8 30. Qf6 h6 31. Rd8 1-0